00866 a2200205 4500999001500000010001400015020002400029035001300053037001500066082001100081100001800092245018200110260003900292270009600331300002200427500005000449700001700499942003000516952011400546 c4900d4900 aENG-86651 c1000.00a8187392681 aEN-70184 bDBAD / PUB a303.69 aRizal, Dhurba aUnderstanding development, conflict and voilence :cby Dhurba Rizal [and] Yozo Yokotabthe cases of Bhutan, Nepal, North-east India and the Chittagong Hill tracts of Bangladesh/ aNew DelhibAdroit Publishersc2006 a4675/21, Ganpati Bhawan, Ansari Road, DaryaganjbNew Delhie110 002k011-23266030, 55302465 a640 pc22 cm (Hb) aIncludes bibliographical references and index aYokota, Yozo adplcEN2ddch303.69mRIZ 001040718NFICaDBADbDBADeDBAD/PUBg1000.00l0o303.69 RIZpEN-70184r2008-09-15 00:00:00t1v1000.00yEN